000 00827nam a2200265 i 4500
001 000021599
003 DO-SdBNP
005 20250304103304.0
007 ta
008 240702s1990 dr abc 000 0 spa d
040 _aDO-SdBNP
_bspa
_cBNPHU
_erda
082 4 _axxx
_bF745
_222
100 1 _aFortunato, René,
_4aut.
_eautor
_944963
245 1 0 _aEl poder del jefe /
_cRené Fortunato
264 1 _aSanto Domingo :
_bLa Trinitaria,
_c1990.
300 _apaginas sin numerar :
_bilustraciones, retratos ;
_c22 cm.
336 _atexto
_btxt
_2rdacontent
337 _asin mediación
_bn
_2rdamedia
338 _avolumen
_bnc
_2rdacarrier
590 _aInventariado, 2024/DG
650 4 _aTurismo
_xRepública Dominicana
_982379
700 1 _aMartínez Almanzar, Juan Francisco
_d1950 -
_910459
910 _aDG
942 _2ddc
_cLF2
999 _c57110
_d57110